000 00417nam a2200169Ia 4500
008 230718s9999 xx 000 0 und d
041 _aeng
082 _a658
_bADA
100 _aAdair J.
_9109205
245 _aAction Centred Leader
250 _aREVISE
260 _c1995
_bJaico Publishing House
300 _a150
365 _cRs.
_b60.00
700 _aAdair J.
_9109205
906 _dB:130504-Oct-1995
_cOTH
_b12
999 _c294235
_d294235